[Event "Sao Paulo Pascoa op"]
[Site "Sao Paulo"]
[Date "2024.03.30"]
[Round "4"]
[White "Goncalves, Richard Gabriel Sim"]
[Black "Nicacio, Daniel Ramos"]
[Result "1-0"]
[WhiteElo "1728"]
[BlackElo "1681"]
[PlyCount "91"]
[EventDate "2024.03.29"]
[EventType "swiss"]
[EventRounds "6"]
[EventCountry "BRA"]
[SourceTitle "CB14_2024"]
[SourceDate "2024.04.01"]
[SourceVersion "1"]
[SourceVersionDate "2024.04.01"]
[SourceQuality "1"]

1. d4 Nf6 2. Nf3 g6 3. e3 Bg7 4. Nbd2 d6 5. b3 Nbd7 6. Bb2 b6 7. Bd3 Bb7 8. Qe2 c5 9. c3 Qc7 10. Rc1 Rc8 11. 0-0 0-0 12. e4 Rfe8 13. a4 Nh5 14. g3 e5 15. d5 Nf8 16. b4 h6 17. Rc2 Nh7 18. Rfc1 Qd7 19. Bb5 Qe7 20. Bxe8 Rxe8 21. bxc5 bxc5 22. c4 Bc8 23. Kg2 f5 24. Re1 Rf8 25. Nh4 Qf7 26. exf5 Bxf5 27. Nxf5 Qxf5 28. Qe4 Qxf2+ 29. Kh1 Ng5 30. Qe2 Qf5 31. Ne4 Nxe4 32. Qxe4 Qh3 33. Qg2 Qf5 34. g4 Ng3+ 35. hxg3 Qxg4 36. Bc3 Rf3 37. Kh2 h5 38. Rf1 Re3 39. Bd2 Ra3 40. a5 h4 41. Be1 e4 42. Rf4 hxg3+ 43. Bxg3 Rxg3 44. Qxg3 Qxg3+ 45. Kxg3 Be5 46. Kg4 1-0

[Event "Sao Paulo Pascoa op"]
[Site "Sao Paulo"]
[Date "2024.03.29"]
[Round "1"]
[White "Nicacio, Daniel Ramos"]
[Black "Rodrigues, Leonardo De Miranda"]
[Result "0-1"]
[WhiteElo "1681"]
[BlackElo "2071"]
[PlyCount "56"]
[EventDate "2024.03.29"]
[EventType "swiss"]
[EventRounds "6"]
[EventCountry "BRA"]
[SourceTitle "CB14_2024"]
[SourceDate "2024.04.01"]
[SourceVersion "1"]
[SourceVersionDate "2024.04.01"]
[SourceQuality "1"]

1. e4 d6 2. Nf3 Nf6 3. d3 g6 4. g3 Bg7 5. Bg2 0-0 6. 0-0 c5 7. Nbd2 Nc6 8. Re1 Rb8 9. a4 a6 10. c3 Ne8 11. Nf1 Nc7 12. h4 b5 13. N1h2 b4 14. Qc2 Ne6 15. Be3 bxc3 16. bxc3 Qa5 17. Bd2 Bd7 18. Reb1 Rxb1+ 19. Rxb1 Rb8 20. Ra1 Qb6 21. Ra3 Qb1+ 22. Qxb1 Rxb1+ 23. Bf1 Na5 24. c4 Nb3 25. Be1 Ned4 26. Nxd4 Nxd4 27. Bd2 Bh3 28. f4 Nc2 0-1

[Event "Florianopolis op 10th"]
[Site "Florianopolis"]
[Date "2024.01.27"]
[Round "9"]
[White "Felix, Raimundo Nascimento"]
[Black "Nicacio, Daniel Ramos"]
[Result "1-0"]
[WhiteElo "1749"]
[BlackElo "1479"]
[PlyCount "71"]
[EventDate "2024.01.20"]
[EventType "swiss"]
[EventRounds "10"]
[EventCountry "BRA"]
[SourceTitle "CB05_2024"]
[SourceDate "2024.01.31"]
[SourceVersion "1"]
[SourceVersionDate "2024.01.31"]
[SourceQuality "1"]

1. c4 e5 2. Nc3 d6 3. Nf3 Nf6 4. d3 g6 5. g3 Bg7 6. Bg2 0-0 7. 0-0 Re8 8. Ne1 Nbd7 9. Rb1 Qe7 10. b4 h5 11. Bg5 Nf8 12. Qa4 N8h7 13. Nd5 Qd8 14. Nxf6+ Bxf6 15. Bxf6 Qxf6 16. Qxe8+ Kg7 17. Qa4 h4 18. Qc2 Ng5 19. f4 Nh3+ 20. Kh1 hxg3 21. hxg3 Bf5 22. e4 Bg4 23. fxe5 Qg5 24. Nf3 Qh5 25. Nh2 Rh8 26. Bxh3 Bxh3 27. Qf2 Be6 28. Qf6+ Kg8 29. Rb2 Qg4 30. Qf4 Qh5 31. exd6 cxd6 32. Kg1 a5 33. bxa5 Qxa5 34. Rxb7 Rxh2 35. Rb8+ Kh7 36. Kxh2 1-0

[Event "Osasco op"]
[Site "Osasco"]
[Date "2023.12.01"]
[Round "2"]
[White "Nicacio, Daniel Ramos"]
[Black "Takahara, Fabio"]
[Result "1-0"]
[WhiteElo "1545"]
[BlackElo "1754"]
[PlyCount "73"]
[EventDate "2023.12.01"]
[EventType "swiss"]
[EventRounds "6"]
[EventCountry "BRA"]
[SourceTitle "CB50_2023"]
[SourceDate "2023.12.13"]
[SourceVersion "1"]
[SourceVersionDate "2023.12.13"]
[SourceQuality "1"]

1. e4 c6 2. d4 d5 3. Nc3 dxe4 4. Nxe4 Bf5 5. Ng3 Bg6 6. h4 h6 7. h5 Bh7 8. Nf3 Nf6 9. Bd3 Bxd3 10. Qxd3 Nbd7 11. Bf4 e6 12. c3 Be7 13. 0-0-0 0-0 14. Kb1 b5 15. Ne5 Nxe5 16. Bxe5 Bd6 17. Bxd6 Qxd6 18. Ne4 Nxe4 19. Qxe4 a5 20. g4 Rab8 21. f4 b4 22. c4 f5 23. Qe3 fxg4 24. c5 Qxf4 25. Qxe6+ Qf7 26. Qxc6 Qf5+ 27. Ka1 Qc2 28. Qe6+ Kh8 29. Rc1 Qg2 30. Rhg1 Qd2 31. Qxg4 Rb7 32. Rcf1 Rbf7 33. Rxf7 Rxf7 34. Qe4 Rf2 35. Qe8+ Kh7 36. Qg6+ Kh8 37. Qxg7# 1-0

[Event "Hebraica op 31st"]
[Site "Hebraica"]
[Date "2023.07.02"]
[Round "6"]
[White "Nicacio, Daniel Ramos"]
[Black "Machado, Marcos Donizete"]
[Result "1-0"]
[WhiteElo "1800"]
[BlackElo "1529"]
[PlyCount "65"]
[EventDate "2023.06.30"]
[EventType "swiss"]
[EventRounds "6"]
[EventCountry "BRA"]
[SourceTitle "CBM 215 Extra"]
[Source "ChessBase"]
[SourceDate "2023.09.30"]
[SourceVersion "1"]
[SourceVersionDate "2023.09.30"]
[SourceQuality "1"]

1. e4 e5 2. Nf3 Nc6 3. Bc4 Nf6 4. d3 Bc5 5. c3 d6 6. b4 Bb6 7. a4 a6 8. a5 Ba7 9. Nbd2 0-0 10. 0-0 Bg4 11. h3 Bh5 12. Re1 Bg6 13. Nf1 h6 14. Ng3 Bh7 15. Be3 Bxe3 16. Rxe3 Ne7 17. d4 Ng6 18. Qc2 Qe8 19. Rd1 Kh8 20. Nh2 Nf4 21. Ng4 N6h5 22. Nxh5 Nxh5 23. g3 f5 24. exf5 Bxf5 25. Qe2 Bxg4 26. hxg4 Nf6 27. g5 hxg5 28. Kg2 g6 29. dxe5 dxe5 30. Rxe5 Qc6+ 31. f3 Rae8 32. Rh1+ Kg7 33. Re7+ 1-0

[Event "Hebraica op 31st"]
[Site "Hebraica"]
[Date "2023.07.01"]
[Round "4"]
[White "Nicacio, Daniel Ramos"]
[Black "Fernandes, Beatriz"]
[Result "1/2-1/2"]
[WhiteElo "1800"]
[BlackElo "1475"]
[PlyCount "147"]
[EventDate "2023.06.30"]
[EventType "swiss"]
[EventRounds "6"]
[EventCountry "BRA"]
[SourceTitle "CBM 215 Extra"]
[Source "ChessBase"]
[SourceDate "2023.09.30"]
[SourceVersion "1"]
[SourceVersionDate "2023.09.30"]
[SourceQuality "1"]

1. e4 c5 2. Nf3 d6 3. d4 cxd4 4. Nxd4 Nf6 5. Nc3 a6 6. Be3 e5 7. Nb3 Be6 8. Qd2 b5 9. Bd3 Nbd7 10. f3 Nc5 11. Nxc5 dxc5 12. Rd1 Be7 13. Be2 0-0 14. Qxd8 Rfxd8 15. Kf2 Kf8 16. a3 Ke8 17. Rxd8+ Rxd8 18. Rd1 Rxd1 19. Bxd1 c4 20. Ne2 Kd7 21. Ng3 g6 22. Ke2 Kc6 23. Kd2 a5 24. h3 Nd7 25. Ne2 b4 26. axb4 axb4 27. g3 Bxh3 28. g4 h5 29. Ng1 hxg4 30. fxg4 Bg2 31. Bf3 Bxf3 32. Nxf3 Nf6 33. Nxe5+ Kb5 34. Nxf7 Nxe4+ 35. Ke2 Bc5 36. g5 Ng3+ 37. Kf3 Nf5 38. Bxc5 Kxc5 39. Ne5 Nd4+ 40. Ke4 Ne6 41. Nf7 Nd4 42. c3 bxc3 43. bxc3 Ne2 44. Ke3 Nxc3 45. Ne5 Nd5+ 46. Kd2 Nf4 47. Kc3 Nd5+ 48. Kd2 Nf4 49. Kc3 Kd5 50. Nxc4 Nh3 51. Ne3+ Ke4 52. Kd2 Nxg5 53. Ke2 Nh3 54. Ng4 Kf4 55. Nh2 g5 56. Nf3 g4 57. Nh4 Kg3 58. Kf1 Kh2 59. Ng2 g3 60. Ne1 Ng5 61. Ke2 Kg1 62. Nd3 Kh2 63. Ne1 Kh1 64. Kf1 Nh3 65. Ng2 Ng1 66. Nh4 Kh2 67. Ng2 Ne2 68. Ne3 Nf4 69. Ng4+ Kh1 70. Nf2+ Kh2 71. Ng4+ Kh3 72. Ne3 Nh5 73. Kg1 Nf6 74. Nf5 1/2-1/2